000 00361nam a2200169Ia 4500
100 _aNadeau/ Thomas D/ Gray/Ken
650 _aSDN
942 _cBK
366 _f20
654 _aSDN software defined networks
245 _aSDN Software Defined networks
260 _bOreilly
_c2013
082 _bNAD
300 _a352
546 _aENGLISH
999 _c31742
_d31742